Psychologické fenomény na trhu práce
Fenomén subjektívnych faktorov psychosociálnej nepripravenosti na prácu dlhodobo evidovaných uchádzačov o zamestnanie sa stáva problémom pre úrady práce. Psychické zmeny u dlhodobo nezamestnaných. Sociálno-aktivačné poradenské aktivity pre dlhodobo nezamestnaných. Poznatky z práce psychologického po...
Gespeichert in:
| 1. Verfasser: | |
|---|---|
| Format: | Buchkapitel |
| Sprache: | Slowakisch |
| Schlagworte: | |
| Tags: |
Keine Tags, Fügen Sie das erste Tag hinzu!
|
MARC
| LEADER | 00000naa a2200000 4500 | ||
|---|---|---|---|
| 001 | r021404 | ||
| 005 | 20230807094042.5 | ||
| 041 | 0 | |a slo | |
| 044 | |a SK | ||
| 245 | 1 | 0 | |a Psychologické fenomény na trhu práce |c A. Kozoň |
| 520 | |a Fenomén subjektívnych faktorov psychosociálnej nepripravenosti na prácu dlhodobo evidovaných uchádzačov o zamestnanie sa stáva problémom pre úrady práce. Psychické zmeny u dlhodobo nezamestnaných. Sociálno-aktivačné poradenské aktivity pre dlhodobo nezamestnaných. Poznatky z práce psychologického poradenstva na úrade práce. | ||
| 610 | 2 | 0 | |a nezamestnanosť |
| 610 | 2 | 0 | |a poradenstvo |
| 610 | 2 | 0 | |a služby poradenské |
| 610 | 2 | 0 | |a úrady práce |
| 610 | 2 | 0 | |a trh práce |
| 610 | 2 | 0 | |a psychológia sociálna |
| 100 | 1 | |a Kozoň, A. | |